000 00526nam a2200217Ia 4500
005 20250425162654.0
008 250425s9999 xx 000 0 und d
020 _a0534003389
041 _aeng
043 _axxu
082 _a373.8
100 _aSAX, GILBERT
245 0 _aPRINCIPLES OF EDUCATIONAL MEASUREMENT AND EVALUATION
250 _aS.E
260 _aEstados Unidos
_bWADSWORTH PUBLISHING COMPANY
_c1974
260 _aNEW YORK
300 _a642
650 _aEDUCACION
942 _c01
010 _a95740
999 _c234081
_d234081